000 00407nam a2200169Ia 4500
003 OSt
005 20240209104142.0
008 170619s9999 xx 000 0 und d
020 _a981412639X
040 _cIIMT ENGINEERING COLLEGE
100 _aCollin- Robert E
245 0 _aFoundations for Microwave Engineering
260 _bI E E E Press
260 _c2001
546 _aENGLISH
942 _2ddc
_c02
999 _c16904
_d16904